000 00361nam a2200133Ia 4500
008 151001s9999||||xx |||||||||||||| ||und||
100 _aLitta Jacob
245 _aThumbeline finds her ture love
250 _a1
260 _bDC Books
260 _c2008
300 _a29
365 _b18
999 _c992976
_d992973